| 000 | 00693cam a22002175a 4500 | ||
|---|---|---|---|
| 001 | E153720 | ||
| 008 | 110822s1956 xxk f 000 0 eng d | ||
| 035 | _a(Sirsi) u153720 | ||
| 041 | 0 | _aeng | |
| 050 | 0 | 4 | _a336.2 $2 18 |
| 100 | 1 | _aEve, H. Brian | |
| 245 | 0 | 0 | _aPrinciples and practice of rating valuation |
| 260 |
_aLondon _bEstates Gazette _c1956 |
||
| 300 |
_axix, 314p. _c22 cm. |
||
| 520 | _aIncludes examples of typical valuations. Law is current as at 1 April 1956. Also includes supplement dated 1957. | ||
| 651 | 4 |
_aEngland and Wales _y1543- |
|
| 690 | _aPROPERTY-PROPERTY APPRAISAL AND VALUATION | ||
| 700 | 1 | _aWhite, Philip H. | |
| 700 | 1 | _aWilks, Hector M. | |
| 942 | _n0 | ||
| 999 |
_c112668 _d112668 |
||